| 000 | 007760000a22002290004500 | ||
|---|---|---|---|
| 003 | LK-CoMWRAF | ||
| 005 | 20230921123738.0 | ||
| 008 | 230817t2000 ||||| |||| 00| 0 eng d | ||
| 020 | _a9041188592 | ||
| 040 |
_aLK-CoMWRAF _dLK-CoMWRAF _eLK-CoMWRAF |
||
| 041 | _aeng | ||
| 082 |
_a346.56 _bWEL |
||
| 100 | _aWelchman, Lynn | ||
| 245 |
_aBeyond The Code: _bMuslim Family Law And The Shar'i Judiciary in the Palestinian West Bank |
||
| 260 |
_aHague: _bKluwer Law International, _c2000 |
||
| 300 |
_a444 p. ; 25 cm. _bBibliography, index and glossary included |
||
| 650 | _aDOMESTIC RELATIONS-West Bank | ||
| 650 | _aMuslims -- Legal status, laws, -West Bank; | ||
| 650 | _a Islamic law -- West Bank; | ||
| 856 | _uhttps://core.ac.uk/download/pdf/2786162.pdf | ||
| 942 | _cBK | ||
| 999 |
_c461 _d461 |
||